00429nam a2200109Ia 4500008004100000100002300041245012000064260002600184300001800210650001200228856007900240160712s9999 xx 000 0 und d aCatane, Sandra G.  cSandra G. Catane,aLaboratory Experiments on Steady State Seepage-Induced Landslides Using Slope Models and Sensors c2011bScience Diliman avol. 23 no. 1 xSCIENCE uhttp://journals.upd.edu.ph/index.php/sciencediliman/issue/view/289/showToc